Konkurenceschopnost v mezinárodním prostředí Vybrané aspekty postavení nových členských zemí EU
Teoretický koncept a metodologické prístupy k hodnoteniu medzinárodnej konkurencieschopnosti. Pojem medzinárodná konkurencieschopnosť v českej ekonomickej literatúre. Metodológia hodnotenia konkurencieschopnosti. Indikátory konkurencieschopnosti.
Saved in:
| Main Author: | |
|---|---|
| Format: | Book Chapter |
| Language: | Czech |
| Subjects: | |
| Tags: |
No Tags, Be the first to tag this record!
|
MARC
| LEADER | 00000naa a2200000 4500 | ||
|---|---|---|---|
| 001 | 0134561 | ||
| 005 | 20231116105645.5 | ||
| 041 | 0 | |a cze | |
| 044 | |a CZ | ||
| 245 | 1 | 0 | |a Konkurenceschopnost v mezinárodním prostředí |b Vybrané aspekty postavení nových členských zemí EU |c Božena Plchová |
| 520 | |a Teoretický koncept a metodologické prístupy k hodnoteniu medzinárodnej konkurencieschopnosti. Pojem medzinárodná konkurencieschopnosť v českej ekonomickej literatúre. Metodológia hodnotenia konkurencieschopnosti. Indikátory konkurencieschopnosti. | ||
| 610 | 2 | 0 | |a konkurencieschopnosť |
| 610 | 2 | 0 | |a Európska únia |
| 610 | 2 | 0 | |a porovnanie medzinárodné |
| 610 | 2 | 0 | |a ukazovatele kvalitatívne |
| 610 | 2 | 0 | |a ukazovatele kvantitatívne |
| 610 | 2 | 0 | |a pojmy |
| 100 | 1 | |a Plchová, Božena | |